Alternativas vigentes en investigación contable (Registro nro. 29099)

Detalles MARC
000 -LEADER
fixed length control field 00343 a2200121 4500
001 - CONTROL NUMBER
control field ART_26207
005 - DATE AND TIME OF LATEST TRANSACTION
control field 20260410161937.0
008 - FIXED-LENGTH DATA ELEMENTS--GENERAL INFORMATION
fixed length control field 260409a
100 1# - MAIN ENTRY--PERSONAL NAME
Personal name Aquel, Sandra
245 10 - TITLE STATEMENT
Title Alternativas vigentes en investigación contable
700 1# - ADDED ENTRY--PERSONAL NAME
Personal name Cicerchia, Lucía
773 0# - HOST ITEM ENTRY
Title SaberEs
Related parts - Nº 3 (jun. 2011)
Record control number REV26089

No hay ítems disponibles.